Elastic heart lyrics - Statistics

General Stats
  • This quiz has been taken 376 times
    372 since last reset
  • The average score is 196 of 295
Answer Stats
Answer % Correct
a
97%
I
97%
an
96%
And
92%
and
92%
elastic
92%
heart
91%
got
86%
the
86%
You
85%
you
85%
skin
84%
no
83%
one
79%
to
79%
me
78%
not
77%
I'm
76%
I've
76%
thick
75%
another
74%
can
74%
dust
73%
bites
69%
fight
69%
for
69%
But
68%
but
68%
love ?
67%
be
66%
break
66%
it
66%
still
66%
so
64%
fighting
63%
too
63%
peace
62%
hard
61%
want
61%
why
61%
Why
61%
Oh
60%
Cause
59%
like
58%
Yeah
57%
band
56%
might
56%
pull
55%
rubber
55%
see
55%
won't
54%
your
54%
conquer
53%
until
53%
did
52%
my
52%
trust
51%
bad
49%
fall
49%
have
49%
sharp
48%
apart
46%
were
45%
that
43%
wanted
43%
many
42%
this
42%
with
42%
clear
41%
let's
40%
Let's
40%
life
40%
red
40%
flags
39%
there
39%
blade
37%
Well
37%
It's
36%
Now
36%
weapons ?
35%
without
35%
know
34%
may
34%
war
34%
will
34%
eyes
33%
close
32%
everything
32%
save
32%
snap
32%
through
32%
night
31%
survive
31%
chosen
30%
doing
29%
lose
29%
move
29%
fast
27%
I'll
27%
up
27%
walk
27%
Then
25%
fire
24%
stay
22%
No matching quizzes found
Score Distribution
Percent of People with Each Score
Percentile by Number Answered
Your Score History
You have not taken this quiz since the last reset